<?xml version="1.0" encoding="UTF-8"?>
<marc:record xmlns:marc="http://www.loc.gov/MARC21/slim">
   <marc:leader>00000nam a2200000 a 4500</marc:leader>
   <marc:datafield ind1="1" ind2=" " tag="100">
      <marc:subfield code="a">Becker, Georg E.</marc:subfield>
      <marc:subfield code="4">aut</marc:subfield>
      <marc:subfield code="e">Verfasser/-in</marc:subfield>
   </marc:datafield>
   <marc:datafield ind1=" " ind2=" " tag="653">
      <marc:subfield code="a">Softcover / Pädagogik/Schulpädagogik</marc:subfield>
   </marc:datafield>
   <marc:datafield ind1=" " ind2=" " tag="653">
      <marc:subfield code="a">Didaktik</marc:subfield>
   </marc:datafield>
   <marc:datafield ind1=" " ind2=" " tag="653">
      <marc:subfield code="a">Methodik</marc:subfield>
   </marc:datafield>
   <marc:datafield ind1="0" ind2="0" tag="245">
      <marc:subfield code="a">Handlungsorientierte Didaktik</marc:subfield>
   </marc:datafield>
   <marc:datafield ind1="0" ind2="0" tag="245">
      <marc:subfield code="c">Georg E. Becker</marc:subfield>
   </marc:datafield>
   <marc:datafield ind1=" " ind2="1" tag="264">
      <marc:subfield code="a">Weinheim</marc:subfield>
      <marc:subfield code="b">Beltz</marc:subfield>
      <marc:subfield code="c">2011</marc:subfield>
   </marc:datafield>
   <marc:datafield ind1=" " ind2=" " tag="250">
      <marc:subfield code="a">10., neu ausgestattete Aufl.</marc:subfield>
   </marc:datafield>
   <marc:datafield ind1="1" ind2=" " tag="520">
      <marc:subfield code="a">Angaben aus der Verlagsmeldung

Unterricht planen : Handlungsorientierte Didaktik, Teil I / von Georg E. Becker

Die hier vorliegende Handlungsorientierte Didaktik bietet Anleitung und Hilfe bei der Planung von Unterricht

Lehrer/innen gelten als Fachleute für die Organisation von Lernprozessen. Dies bedarf sorgfältiger Planung in einzelnen Schritten. Die hier vorliegende Handlungsorientierte Didaktik bietet Anleitung und Hilfe bei der Planung von Unterricht. Viele Lernschwierigkeiten und Konflikte im Schulalltag treten gar nicht erst auf, wenn Lehrer/innen in der Lage sind, mit einem hohen professionellen Anspruch Unterricht zu planen, durchzuführen und auszuwerten. Diese handlungsorientierte Didaktik rückt eine eigentlich selbstverständliche These in das Bewusstsein angehender und praktizierender Lehrer/innen und bietet ihnen die erforderlichen Studien- und Handlungshilfen.
</marc:subfield>
   </marc:datafield>
   <marc:datafield ind1=" " ind2=" " tag="020">
      <marc:subfield code="a">9783407256829</marc:subfield>
      <marc:subfield code="9">9783407256829</marc:subfield>
   </marc:datafield>
   <marc:datafield ind1=" " ind2=" " tag="041">
      <marc:subfield code="a">ger</marc:subfield>
   </marc:datafield>
   <marc:datafield ind1=" " ind2=" " tag="300">
      <marc:subfield code="a">252 S.</marc:subfield>
   </marc:datafield>
</marc:record>
